00507nam a2200193 a 4500001001300000003000900013005001700022008004100039020000800080082001700088100002300105245004900128260004300177300000900220500003500229505001000264650001600274700002300290nice12345678IN_TiNIC20260116011534.0050524s1969 luca grp 000 0 eng  ac500a340.59bKHA2 aKhan, Shams Tabrez aMuslim Personal Law Awr Islam Ka Aaili Nizam aLucknowbMajlis Tahqiqat-E-Islamc1969 a263p aincludes index and biblioraphy2 aIndex aIslamic-Law1 aKhan, Shams Tabrez